| 000 | 01375nam a2200253 a 4500 | ||
|---|---|---|---|
| 001 | 83202 | ||
| 003 | BD-RjUL | ||
| 005 | 20240303124155.0 | ||
| 008 | 240303s2002 bg ||||| m||| 00| 0 ben d | ||
| 035 | _a(BD-RjUL)83202 | ||
| 040 |
_aBD-RjUL _bben / eng _cBD-RjUL _dBD-RjUL |
||
| 041 | _aben | ||
| 082 |
_223 _a398.49144 _bKHB 2002 |
||
| 100 |
_aখানম, মোছা. মাসুমা _911465 |
||
| 245 | 1 | 0 |
_aবাংলা লোকগীতিকার শিল্পরীতি / _cমোছা. মাসুমা খানম ; _6তত্ত্বাবধায়ক : মুহম্মদ আবদুল খালেক |
| 260 |
_aরাজশাহী : _bবাংলা বিভগ, রাজশাহী বিশ্ববিদ্যালয়, _c২০০২ |
||
| 300 |
_a[৫], ৩৯১ পাতা ; _c২৯ সেমি. |
||
| 502 | _aথিসিস (পিএইচ. ডি.) -- বাংলা বিভগ, রাজশাহী বিশ্ববিদ্যালয়, ২০০২ | ||
| 504 | _aগ্রন্থপঞ্জি : পাতা [৩৮৮]-৩৯১ | ||
| 650 |
_aলোককাহিনী _vলোকসঙ্গীত _912025 |
||
| 650 |
_aFolklore _vFolk Song _912026 |
||
| 700 |
_aখালেক, মুহম্মদ আবদুল, তত্ত্বাবধায়ক _912016 |
||
| 942 |
_2ddc _cTHE |
||
| 999 |
_c83202 _d83202 |
||